Biblioteca

The Nutcracker / E.T.A. Hoffmann, il. : Kay Chorao (Registro nro. 48000)

Detalles MARC
000 -LÍDER
Campo fijo de descripción fija 003490000a22001450004500
020 ## - NÚMERO INTERNACIONAL NORMALIZADO PARA LIBROS
Número Internacional Normalizado del libro 0-394-82018-5
082 04 - NÚMERO DE CLASIFICACIÓN DECIMAL DEWEY
Número de clasificación GI CJ H675n
001 - NÚMERO DE CONTROL
Campo de control 796
100 1# - ASIENTO PRINCIPAL--NOMBRE PERSONAL
Nombre personal Hoffmann, E.T.A.
245 10 - TÍTULO
Título del Material The Nutcracker / E.T.A. Hoffmann, il. : Kay Chorao
260 ## - PUBLICACIÓN, DISTRIBUCIÓN, ETC. (PIE DE IMPRENTA)
Lugar de publicación, distribución, etc. New York : Bullseye Books
300 ## - DESCRIPCIÓN FÍSICA
Extensión 62 P.
650 14 - ASIENTO SECUNDARIO DE MATERIA - TERMINO TEMÁTICO
Término temático o nombre geográfico como elemento de entrada Literatura Infantil
942 ## - TIPO DE MATERIAL (KOHA)
Tipo de Item KOHA Z- Libro General BINCO
Existencias
Estado de Material Estado de Perdido Volumen-Parte/Tomo Estado de Dañado No para Préstamo Tomo Biblioteca de Origen Biblioteca Permanente Fecha de Adquisición Total de Préstamos Signatura Topográfica Código de Barras Última vez visto Ejemplar/Existencia Fecha de Remplazo Tipo de Material
            Biblioteca Infantil Comunitaria BINCO Biblioteca Infantil Comunitaria BINCO 15/04/2006   GI CJ H675n B30253 24/11/2016 1 26/01/2016 Z- Libro General BINCO

Biblioteca FUSBC | Teléfono: (57+4) 349 88 10 Ext. 141| WhatsApp (+57) 3005338115 
E-mail: biblioteca@unisbc.edu.co | Calle 76 87-14 Robledo Palenque, Medellín, Colombia

Con tecnología Koha